000 00466nam a2200181Ia 4500
008 100917s9999 xx 000 0 und d
082 _b51494
100 _aकाळे वैजयंती
245 _aमदहोश
260 _bराजेंद्र पब्लिकेशन
_c1982
300 _a235
365 _b32
520 _aकथा
630 _aमदहोश
650 _aकथा
730 _aमदहोश
942 _cBOOK
999 _c656888
_d656885